Multiples de 2 mais pas de 4 - Mort subite - Statistiques

Statistiques générales
  • Ce quiz a été pris 123 fois
  • Le résultat moyen est 8 sur 16
Answers on the Grid
Answers color-coded by a green-red scale on the quiz's grid according to % correct below.
4
8
12
16
28
48
52
76
72
100
84
88
80
92
136
140
2
6
18
14
38
42
46
82
86
30
34
66
102
110
194
106
 
Statistiques - réponses
Réponse % Correct
2
65%
6
61%
14
57%
30
52%
102
51%
110
49%
18
48%
66
46%
42
44%
82
44%
34
42%
86
42%
46
41%
106
38%
38
38%
194
34%
Aucun quiz correspondant
Distribution des résultats
% des personnes avec chaque résultat
Percentile par nombre de réponses
Votre historique - résultats
Vous n’avez pas pris ce quiz